00443 a2200121 4500020001800000022001300018082001600031100001900047245014000066260005500206300002600261650003400287 a9780309098830 a15446808 a363.125 BRO aBrock, John F. aCTBSSP Synthesis 13 Effectiveness of Commercial Motor Vehicle Driver Training Curricula and Delivery Methods /cJohn F. Brock...[et al] aWashington :bTransportation Research Board,c2007 a33p. :bill. ;c30 cm aMotor Vehicle Driver Training